MARC

LEADER 00000nam0a2200000 4500
001 373400
005 20231102012548.0
035 |a (RuTPU)RU\TPU\retro\30829 
035 |a RU\TPU\book\270516 
090 |a 373400 
100 |a 20221216d1987 e y0rusy50 ca 
101 0 |a rus 
102 |a RU 
105 |a a j 000zy 
200 1 |a Метрология в метизном производстве  |e учебное пособие  |f Б. А. Никифоров, В. А. Петров, С. Б. Пяткова 
210 |a Свердловск  |c Изд-во УПИ  |d 1987 
215 |a 70 с.  |c ил. 
606 1 |a Метизное производство  |x Автоматизация  |2 stltpush  |3 (RuTPU)RU\TPU\subj\43466  |9 62965 
610 1 |a учебные пособия 
610 1 |a метрология 
610 1 |a измерения 
610 1 |a метрологическое оборудование 
675 |a 621.778.8:531.7(075)  |v 3 
700 1 |a Никифоров  |b Б. А.  |g Борис Александрович 
701 1 |a Петров  |b В. А.  |g Вадим Алексеевич 
701 1 |a Пяткова  |b С. Б.  |g Светлана Борисовна 
801 1 |a RU  |b 63413507  |c 20140109 
801 2 |a RU  |b 63413507  |c 20221223  |g RCR 
942 |c BK